Llista de cims emblemàtics de Catalunya - Statistics

General Stats
  • This quiz has been taken 38 times
  • The average score is 15 of 103
Answer Stats
Serra Pics % Correct
Massís del Montcalm Pica d'Estats
92%
Serra del Mont El Mont
84%
Massís de Pedraforca Pedraforca
84%
Massís del Montseny Matagalls
68%
Pirineus Puigmal
64%
Montseny Turó de l'Home
56%
Sant Llorenç del Munt La Mola
44%
Massís del Besiberri Besiberri Nord
40%
Serra de Conivella El Taga
36%
Serralada Transversal Puigsacalm
36%
Montserrat Sant Jeroni
36%
Volcans de la Garrotxa Volcà de Santa Margarida
36%
Montseny les Agudes
32%
Serra d'Ensija Cap de la Gallina Pelada
28%
Serra de la Canya El Balandrau
28%
Pirineus Bastiments
24%
Ports de Tortosa-Beseit Caro
24%
Pirineus Els Encantats
24%
Serrat Gran la Tosa
24%
Pirineus Puigpedrós
24%
Montseny Tagamanent
24%
Serra de Bellmunt Bellmunt
20%
Serra de Cabrera Cabrera
20%
Pirineus Costabona
20%
Pirineus Gran Tuc de Colomers
20%
Serra de Boumort Cap de Boumort
16%
Serra del Cadí Comabona
16%
Pirineus Pic de l'Infern
16%
Pirineus Puig de Bassegoda
16%
Punta de Montmaneu
16%
Vallbona Tossal Gros de Vallbona
16%
Pirineus Tossa Plana de Lles
16%
Rasos de Peguera Cogulló d'Estela
12%
Pirineus Gra de Fajol
12%
Serra de la Mussara la Mussara
12%
Muntanyes de Tivissa-Vandellòs Mola de Genessies
12%
Tubau Pedró de Tubau
12%
Massís del Besiberri Pic de Comaloforno
12%
Pirineus Pic de Peguera
12%
Serra de l'Ardenya Puig de ses Cadiretes
12%
Serra de Moixeró Puigllançada
12%
Serra de l'Albera Puig Neulós
12%
Pirineus Punta Alta de Comalesbienes
12%
Serra de les Salines Roc del Comptador
12%
Massís de les Guilleries Sant Miquel de Solterra
12%
Serra del Montsià Torreta de Montsià
12%
Ports de Tortosa-Beseit Tossal del Rei
12%
El Negrell
8%
Serra de Rodes el Pení
8%
Serra d'Almenara lo Pilar d'Almenara
8%
Serra de Milany Milany
8%
Port del Comte Pedró dels Quatre Batlles
8%
Pirineus Pic de Sotllo
8%
Serra de Subenuix Pic de Subenuix
8%
Massís de les Gavarres Puig d'Arques
8%
Serra de Finestres Puigsallança
8%
Montsec d'Ares Sant Alís
8%
Serra del Cadí Torreta de Cadí
8%
Pirineus Tuc de Molières
8%
Serra del Verd Cap d'Urdet
4%
Pirineus Comanegra
4%
Serralada Transversal el Far
4%
Serra de Llaberia la Miranda
4%
Serralada Prelitoral Mola de Colldejou
4%
Pirineus Montardo
4%
Pirineus Monteixo
4%
Serralada Litoral Montjuïc
4%
Sèrra deth Montlude Montlude
4%
Pirineus Mont-roig
4%
Pirineus Montsent de Pallars
4%
Serra del Montsià Montsianell
4%
Massís del Montgrí Muntanya del Montgrí
4%
Serra de Moixeró Penyes Altes de Moixeró
4%
Pirineus Pic de Salòria
4%
Serra del Montmell Puig de la Talaia
4%
Cingles de Bertí Puiggraciós
4%
Serra de la Llena Punta del General
4%
Montsec de Rúbies Roca Alta
4%
Serra de Montsant Roca Corbatera
4%
Sant Corneli Sant Corneli
4%
Serralada de Marina Sant Mateu
4%
Serra de Miralles-Queralt Tossa de Montbui
4%
Muntanyes de Prades Tossal de la Baltasana
4%
Massís del Montnegre Turó Gros
4%
Serra de Catllaràs el Pedró
0%
Pirineus Era Forcanada
0%
Serra de Cardó La Creu de Santos
0%
Serra d'Aubenç Lo Coscollet
0%
Prepirineus Mola de Lord
0%
Massís del Garraf Montau
0%
Pirineus Montcorbison
0%
Montfalgars
0%
Serralada de Marina Montigalar
0%
Muntanya de Santa Bàrbara
0%
Serra Llisa Pic del Vent
0%
Massís de les Gavarres Puig Alt (Sant Martí Vell)
0%
Puig de Sant Martirià
0%
Els Ports Roques de Benet
0%
Serra de Rodes Sant Salvador
0%
Pirineus Tuc de Marimanha
0%
Pirineus Tuc de Maubèrme
0%
Serralada de Marina Turó de Céllecs
0%
Volcans de la Garrotxa Volcà del Montsacopa
0%
No matching quizzes found
Score Distribution
Percent of People with Each Score
Percentile by Number Answered
Your Score History
You have not taken this quiz